000 00682cam a2200229 4500
001 17585
005 20230410101830.0
008 060907n2001 dr spa
020 _a9993402362
020 _a9789993402367
035 _9funglode17721
041 _aES
050 1 4 _a118 B 831.2
_bB828p 2001
100 1 _aBrea Franco, Luis O.
245 1 0 _aPreludios a la posmodernidad :
_bensayos filosóficos /
_cLuis O. Brea Franco
260 _aSanto Domingo :
_bAcademia de Ciencias de la República Dominicana,
_c2001
300 _a164 p. :
_bport. ;
_c22 cm.
650 0 _aPhilosophy, Modern
650 4 _aFilosofía moderna
650 4 _aModernidad
942 _2lcc
_cbk
999 _c14767
_d14767